000 03046cam a2200301 4500500
005 20251228065209.0
041 _afre
042 _adc
100 1 0 _aDemaegdt, Christophe
_eauthor
245 0 0 _aMéfiance, violence et sexualisation secondaire dans le métier de surveillance
260 _c2008.
500 _a34
520 _aRésuméÀ partir d’un matériel recueilli auprès d’un collectif de surveillant.e.s d’une maison d’arrêt, l’article interroge la pertinence du dispositif de soutien au personnel « victimisé » mis en place dans les prisons belges. L’écoute du travail apporte dans un premier temps des éléments de compréhension sur la construction de la méfiance et de l’homophobie, ce qui permet de questionner les rapports genrés de travail au regard de la « juste distance » à entretenir avec les détenus. L’auteur engage ensuite une réflexion sur les liens entre l’exercice de la violence et la souffrance éthique, et défend enfin la thèse de la sexualisation secondaire des conduites défensives.
520 _aThe article speaks about an psychological intervention realised with a collective of supervisors in a detention center and questions the relevance of the device of support for the staff set up in the Belgian prisons. The listening of the work brings elements of understanding on the construction of the distrust and the homophobia, what allows to understand differencies between behaviors of men and women related to the « good distance » wich is to be maintained with the prisoners. The author engages then a reflection on the links between the exercise of the violence and ethical suffering, and defends finally the thesis of a secondary sexualization of defensive behaviors.
520 _aResumenPartiendo de un material logrado en un grupo de guardianes (as) en una cárcel, el artículo se interroga sobre la pertinencia del dispositivo de apoyo del personal victimizado, puesto en práctica en los centros de detención belgas. La atención del trabajo aporta elementos iniciales de comprensión sobre la construcción de la desconfianza y de la homofobia, lo cual permite cuestionar las diferencias entre los comportamientos de guardianes y guardianas con respecto a la « distancia justa « que todos necesitan mantener frente a los detenidos. El autor se compromete con una reflexión sobre las relaciones entre el ejercicio de la violencia y el sufrimiento ético y defiende finalmente la tésis de una sexualización secundaria de los comportamientos defensivos.
690 _agenre
690 _asexualisation secondaire
690 _asouffrance éthique
690 _aviolence
690 _avirilité défensive
690 _adefensive virility
690 _aethical suffering
690 _agender
690 _asecondary sexualization
690 _aviolence
786 0 _nTravailler | 20 | 2 | 2008-08-01 | p. 77-97 | 1620-5340
856 4 1 _uhttps://shs.cairn.info/revue-travailler-2008-2-page-77?lang=fr&redirect-ssocas=7080
999 _c1590953
_d1590953